Design for manufacture of environmental testing chamber for photovoltaic cell (Record no. 524412)

000 -LEADER
fixed length control field 00637nam a22001937a 4500
003 - CONTROL NUMBER IDENTIFIER
control field NUST
005 - DATE AND TIME OF LATEST TRANSACTION
control field 20240117105341.0
008 - FIXED-LENGTH DATA ELEMENTS--GENERAL INFORMATION
fixed length control field 190621b ||||| |||| 00| 0 eng d
038 ## - RECORD CONTENT LICENSOR
Staff Name Mr. Zahoor
082 ## - DEWEY DECIMAL CLASSIFICATION NUMBER
Classification number 670
100 ## - MAIN ENTRY--PERSONAL NAME
Personal name Ali Hussnain
9 (RLIN) 15233
245 ## - TITLE STATEMENT
Title Design for manufacture of environmental testing chamber for photovoltaic cell
Statement of responsibility, etc. Ali Hussnain
260 ## - PUBLICATION, DISTRIBUTION, ETC.
Place of publication, distribution, etc. Islamabad
Name of publisher, distributor, etc. SMME NUST
Date of publication, distribution, etc. 2012
300 ## - PHYSICAL DESCRIPTION
Extent 65 p.
610 ## - SUBJECT ADDED ENTRY--CORPORATE NAME
Source of heading or term Industrial & manufacturing engineering -MS -Thesis
9 (RLIN) 15236
700 ## - ADDED ENTRY--PERSONAL NAME
Personal name Supervisor : Dr Hussain Imran
9 (RLIN) 119885
856 ## - ELECTRONIC LOCATION AND ACCESS
Uniform Resource Identifier <a href="http://10.250.8.41:8080/xmlui/handle/123456789/26265">http://10.250.8.41:8080/xmlui/handle/123456789/26265</a>
942 ## - ADDED ENTRY ELEMENTS (KOHA)
Source of classification or shelving scheme
Koha item type Thesis
Holdings
Withdrawn status Lost status Source of classification or shelving scheme Damaged status Not for loan Permanent Location Current Location Shelving location Date acquired Full call number Barcode Date last seen Price effective from Koha item type
          Central Library (CL) Central Library (CL) Thesis 06/21/2019 670 CL-T-1728 06/21/2019 06/21/2019 Thesis
© 2023 Central Library, National University of Sciences and Technology. All Rights Reserved.